| 000 | 05213nam a22004817a 4500 | ||
|---|---|---|---|
| 005 | 20101108144122.0 | ||
| 010 | _aB-410885-908 | ||
| 020 |
_a9789380026756 _c225.00 |
||
| 035 | _aB-410885-908 | ||
| 037 | _bUppal Book Store | ||
| 082 | _a621.902 | ||
| 100 |
_aSawhney, G.S. _924149 |
||
| 245 |
_aMechanical experiments and workshop practice / _cby G.S. Sawhney |
||
| 260 |
_aNew Delhi _bI.K. Internationalq _c2009 |
||
| 270 |
_aS-25, Green Park Extension, Uphar Cinema Market, _bNew Delhi _e110016 |
||
| 300 |
_aix, 373p. _c25cm(pbk) |
||
| 942 |
_2ddc _cEN _mSAW _h621.902 |
||
| 999 |
_c35650 _d35650 |
||